Prírastky zahraničných kníh séria B - ekonómia, ekonomika

Gespeichert in:
Bibliographische Detailangaben
Format: Schriftenreihe
Sprache:Slowakisch
Veröffentlicht: Bratislava Ústredná ekonomická knižnica
Tags: Tag hinzufügen
Keine Tags, Fügen Sie das erste Tag hinzu!

MARC

LEADER 00000nas1a22000001 4500
001 s120563
005 20250908114600.6
041 0 |a slo 
044 |a SK 
245 1 0 |a Prírastky zahraničných kníh  |b séria B - ekonómia, ekonomika 
264 1 |a Bratislava  |b Ústredná ekonomická knižnica